000 00389pab a2200157 454500
008 180718b2011 xxu||||| |||| 00| 0 eng d
100 _aRazavi, Shahra
245 _aRethinking care in a development context: An introduction
260 _c2011
300 _ap.873-903.
362 _aJul
650 _aChild welfare
773 _aDevelopment and Change
908 _aN
909 _a93232
999 _c93232
_d93232